000 00272nam a22001097a 4500
008 211013b ||||| |||| 00| 0 eng d
050 _aPeriodicals
245 _aThe Modern Schoolman
260 _bSaint Louis
_c1985
300 _aNot specified
942 _2lcc
_cPERIODICAL
999 _c130821
_d130821